000 00621nam a2200229Ia 4500
003 OSt
005 20220928141521.0
006 a|||||r|||| 00| 0
007 ta
008 220927b |||||||| |||| 00| 0 eng d
024 _a15685
037 _cTextual
040 _aSDCL
_cSDCL
_beng
041 _2eng
_aeng
082 _aX:8:(S:44), N7
100 _aCooper Robert K
_9500700
245 0 _aExecutive EQ
_b Emotional intelligence in business
260 _c1997
700 _a Sawaf Ayman
_9500701
942 _hX:8:(S:44), N7
_cTEXL
_2CC
999 _c818075
_d818075